000 00237 a2200097 4500
001 47134
100 _aPokrovsky G
245 _aScience and Technology in Contemporary War
260 _aLondon
_bAtlantic Books
_c
090 _c30191
_d30191
942 _aNUST-CAE
_cM
_c22438
999 _c282207
_d282207